Attitude is Your Painbrush: (Record no. 4605)

MARC details
000 -LEADER
fixed length control field 00600nam a22001937a 4500
003 - CONTROL NUMBER IDENTIFIER
control field GBCCL
005 - DATE AND TIME OF LATEST TRANSACTION
control field 20241126110522.0
008 - FIXED-LENGTH DATA ELEMENTS--GENERAL INFORMATION
fixed length control field 180125b xxu||||| |||| 00| 0 eng d
020 ## - INTERNATIONAL STANDARD BOOK NUMBER
International Standard Book Number 0687076706
040 ## - CATALOGING SOURCE
Transcribing agency gbc
082 ## - DEWEY DECIMAL CLASSIFICATION NUMBER
Classification number 248.4
Item number MOO
100 ## - MAIN ENTRY--PERSONAL NAME
Personal name Moore, James W.
9 (RLIN) 8484
245 ## - TITLE STATEMENT
Title Attitude is Your Painbrush:
Remainder of title It Colors Every Situation /
Statement of responsibility, etc. James W. Moore
260 ## - PUBLICATION, DISTRIBUTION, ETC.
Place of publication, distribution, etc. Nashville:
Name of publisher, distributor, etc. Dimensions for Living,
Date of publication, distribution, etc. 1998
300 ## - PHYSICAL DESCRIPTION
Extent 152 p.;
Dimensions 23 cm.
650 ## - SUBJECT ADDED ENTRY--TOPICAL TERM
Topical term or geographic name entry element Christian life
Form subdivision Methodist authors
9 (RLIN) 8485
650 ## - SUBJECT ADDED ENTRY--TOPICAL TERM
Topical term or geographic name entry element Attitude (Psychology)
Form subdivision Religious Aspects
General subdivision Christianity
9 (RLIN) 8486
942 ## - ADDED ENTRY ELEMENTS (KOHA)
Source of classification or shelving scheme Dewey Decimal Classification
Koha item type Books
Holdings
Withdrawn status Lost status Source of classification or shelving scheme Damaged status Not for loan Home library Current Library Shelving location Date acquired Total checkouts Full call number Barcode Date last seen Price effective from Koha item type
    Dewey Decimal Classification     GRACE BIBLE COLLEGE GRACE BIBLE COLLEGE Ministry & Mission 2018-01-25   248.4 MOO 008468 2025-05-01 2018-01-25 Books
© Grace Bible College Library 2025